000 00500nam a2200181Ia 4500
001 17309
005 20260306171508.0
008 260306s9999||||xx |||||||||||||| ||und||
041 _aESP
082 _a657.61
_bO73
100 _aOrtega Salavarría, Rosa,
_eAUT
245 0 _aDepreciación :
_btratamiento contable y tributario/ Arrendamientos : tratamientos contable y tributario
260 _c2020
300 _a64 páginas :
_c
650 _aGEN
654 _aCCO
942 _cLIB
_dJUS
_fJUS
_2ddc
_n
999 _c17309
_d17309